TEXTBOOK OF POLYMER SCIENCE (Record no. 9276)
[ view plain ]
| 000 -LEADER | |
|---|---|
| fixed length control field | 01046nam a22001697a 4500 |
| 003 - CONTROL NUMBER IDENTIFIER | |
| control field | SGT |
| 020 ## - INTERNATIONAL STANDARD BOOK NUMBER | |
| International Standard Book Number | 9788126511105 |
| 082 ## - DEWEY DECIMAL CLASSIFICATION NUMBER | |
| Classification number | 668.9, BIL |
| 100 ## - MAIN ENTRY--PERSONAL NAME | |
| Personal name | BILLMEYER W. FRED |
| 245 ## - TITLE STATEMENT | |
| Title | TEXTBOOK OF POLYMER SCIENCE |
| 250 ## - EDITION STATEMENT | |
| Edition statement | 3RD |
| 260 ## - PUBLICATION, DISTRIBUTION, ETC. (IMPRINT) | |
| Place of publication, distribution, etc | NEW DELHI |
| Name of publisher, distributor, etc | WILEY |
| Year of Publication | 2012 |
| 300 ## - PAGE DESCRIPTION | |
| No. of Pages | 578 |
| 650 ## - SUBJECT ADDED ENTRY--TOPICAL TERM | |
| Topical term or geographic name as entry element | POLYMERS AND POLYMERIZATION |
| 653 ## - KEYWORDS--INDEX TERM | |
| Keyword term | The Science of Large Molecules, Step-Reaction (Condensation) Polymerization, Radical Chain (Addition) Polymerization, Ionic and Coordination Chain (Addition) Polymerization, Copolymerization, Polymerization Conditions and Polymer Reaction, Polymer Solutions, Measurement of Molecular Weight and Size, Analysis and Testing of Polymers, Morphology and Order in Crystalline Polymers, Rheology and the Mechanical Properties of Polymers, Polymer Structure and Physical Properties, Hydrocarbon Plastics and Elastomer, Other Carbon-Chain Polymers, Heterochain Thermoplastics, Thermosetting Resins, Plastics Technology, Fiber Technology, Elastomer Technology |
| 942 ## - ADDED ENTRY ELEMENTS (KOHA) | |
| Source of classification or shelving scheme | Dewey Decimal Classification |
| Koha item type | FPS Books |
| Withdrawn status | Lost status | Source of classification or shelving scheme | Damaged status | Not for loan | Home library | Current library | Shelving location | Date acquired | Vendor Name | Cost, normal purchase price | SGTU | Bill Number | Total Checkouts | Full call number | Accession No. (Barcode) | Date last seen | Date last borrowed | Bill Date | Koha item type |
|---|---|---|---|---|---|---|---|---|---|---|---|---|---|---|---|---|---|---|---|
| Dewey Decimal Classification | Not For Loan | SGT Science & Social Sciences Library | SGT Science & Social Sciences Library | Reference Book | 28/06/2016 | KIRTI PRAKASHAN | 509.00 | SGTU | 2947 | 1 | 668.9, BIL | PS943 | 10/05/2017 | 24/04/2017 | 19/09/2015 | FPS Books | |||
| Dewey Decimal Classification | SGT Science & Social Sciences Library | SGT Science & Social Sciences Library | Text Book | 28/06/2016 | KIRTI PRAKASHAN | 509.00 | SGTU | 2947 | 4 | 668.9, BIL | PS944 | 17/05/2017 | 17/05/2017 | 19/09/2015 | FPS Books |